书目信息 |
| 书名: | Background to Britain | |
| 作者: | ||
| 分册号: | ||
| 分册名: | 出版地: | London : |
|
| 出版社: | Macmillan | |
| 出版时间: | 1978. | |
| 页数: | 167 p. | |
| 开本: | ||
| 丛书名: | ||
| 中图分类号: | ||
| 科图分类号: | ||
| 其他分类号: | K956.1 | |
| 主题词: | ||
| 电子资源: | ||
| 000 | 00727nam 2200217 a 4500 | |
| 001 | E0737048324 | |
| 005 | 20070227101742.71 | |
| 008 | uu | |
| 040 | @aNLC | |
| 049 | @aN5LA | |
| 090 | @a2/H319.4/MMDM/ 1978//////263296/1104272/ cop.2 | |
| 090 | @aK956.1 | |
| 096 | @aH319.4 @v2 | |
| 099 | @dK956.1@ex1 | |
| 100 | 1 | @aMackenzie, Malcolm Douglas Munro. |
| 245 | 10 | @aBackground to Britain |
| 260 | @aLondon :@bMacmillan,@c1978. | |
| 300 | @a167 p. | |
| 500 | @aNew ed. 1978. | |
| 700 | 1 | @aWestwood, L. J., @ejt. auth. @b00 @c20020930 @lNLC09 @h2244 @lNLC09 @h2232 @lNLC09 @h1824 @b01 @c20031016 @lNLC09 @h0845 @b01 @c20031016 @lNLC09 @h0845 @b40 @c20050916 @lNLC09 @h1749 |
| 852 | 9 | @bWWJC @cJ08S @k2 @hH319.4 @iMMDM/1978 |
| Background to Britain.-London : : Macmillan, , 1978. |
| 167 p. |
| New ed. 1978. |
| ISBN |
| ● |
| 相关链接 |
|
|
|
|
正题名:Background to Britain
索取号:K956.1/x1
 
预约/预借
| 序号 | 登录号 | 条形码 | 馆藏地/架位号 | 状态 | 备注 |
| 1 | 180891 | 001691468 | 第四借阅区/ [索取号:K956.1/x1] | 在馆 | |
| 2 | 180892 | 001691459 | 第二样本阅览室/ [索取号:K956.1/x1] | 在馆 |